2024 14/ Calendrier de l'Avent Mots en AVE - Statistiques

Statistiques générales
  • Ce quiz a été pris 34 fois
  • Le résultat moyen est 11 sur 15
Statistiques - réponses
Définition Mot % Correct
Salut romain Avé
100%
Gouffre Aven
91%
Reconnaissance Aveu
91%
Non-voyant Aveugle
91%
Temps précédent Noël Avent
88%
Voie Avenue
88%
Face Avers
88%
Grosse pluie Averse
88%
Futur Avenir
82%
Mise en garde Avertissement
79%
Klaxon Avertisseur
64%
Dégoût Aversion
55%
Evènement fortuit Aventure
39%
Venue Avènement
24%
Avachissement Aveulissement
9%
Aucun quiz correspondant
Distribution des résultats
% des personnes avec chaque résultat
Percentile par nombre de réponses
Votre historique - résultats
Vous n’avez pas pris ce quiz